[Event "Tata Steel-A 75th"]
[Site "Wijk aan Zee"]
[Date "2013.01.14"]
[Round "3"]
[White "Karjakin, Sergey"]
[Black "Wang, Hao"]
[Result "1-0"]
[WhiteElo "2780"]
[BlackElo "2752"]
[Annotator "Sumets,A"]
[PlyCount "83"]
[EventDate "2013.01.12"]
[EventType "tourn"]
[EventRounds "13"]
[EventCountry "NED"]
[EventCategory "20"]
[SourceTitle "CBM 153"]
[Source "ChessBase"]
[SourceDate "2013.03.14"]
[SourceVersion "1"]
[SourceVersionDate "2013.03.14"]
[SourceQuality "1"]

1. e4 e5 2. Nf3 Nf6 3. Nxe5 d6 4. Nf3 Nxe4 5. Nc3 Nf6 $5 (5... Nxc3 6. dxc3 Be7
7. Be3 O-O 8. Qd2 Nd7 9. O-O-O Ne5 {In this position Karjakin has chosen
between 10.h4 and 10.Kb1:} 10. h4 (10. Kb1 c6 11. Nxe5 dxe5 12. Bd3 Qa5 13. Qe2
Be6 14. c4 Rfe8 (14... Rad8 15. Bd2 Qc7 16. Bc3 Bd6 17. g4 b5 18. h4 b4 19. Bd2
Bc5 20. Rde1 Bd4 21. h5 $1 (21. Bxb4 Bxb2 22. Kxb2 Qb6 23. a3 c5 24. Qe3 cxb4
25. Qxb6 bxa3+ 26. Kxa3 axb6 $11) 21... a5 22. f4 f5 $6 (22... c5 23. fxe5 a4
24. Qe4 g6 25. Bh6 $16) 23. fxe5 fxg4 24. Rhf1 $16 {Karjakin,S-Frolyanov,D
Moscow RUS 2013 1-0 (35)}) 15. g4 e4 16. Bxe4 Bf6 17. g5 (17. a3 $5 Rab8 18. g5
Bxg5 19. Qh5 h6 20. Rhg1 Bf5 21. Bxf5 Qxf5 22. Bxg5 Rbd8 $1 23. f4 hxg5 24.
Qxg5 $14) 17... Bxb2 $11 18. Kxb2 Qb4+ 19. Kc1 Bxc4 20. Bd3 Qa3+ 21. Kd2 Qa5+
22. Kc1 Qa3+ 23. Kd2 Qa5+ 24. Kc1 {1/2-1/2 Karjakin,S-Mamedyarov,S/ Porto
Carras 2011/EXT 2012}) 10... c6 11. c4 Be6 12. Ng5 Bf5 13. Kb1 Re8 14. f3 h6
15. Be2 d5 16. g4 Bg6 $6 17. f4 dxc4 18. Qc3 $40 {[Ftacnik,L] Karjakin,
S-Kramnik,V Moscow 2010/CBM 139 1-0 (32)}) (5... Bf5 $4 {A terrible blunder} 6.
Qe2 {1-0 Zapata,A-Anand,V Biel-B 1988} Qe7 7. Nd5 Qd7 8. d3 $18) 6. d4 Be7 7.
Bd3 (7. Bf4 O-O 8. Bd3 Re8 9. O-O Nbd7 10. Re1 Nf8 11. h3 Be6 12. Ng5 h6 13.
Nge4 Nxe4 14. Nxe4 Bf5 $11 {Wang Hao-Bu Xiangzhi Ningbo 2012 1/2-1/2 (26)} (
14... Ng6 15. Bg3 Bh4 $11)) (7. h3 O-O 8. Bd3 Re8 9. O-O b6 10. Re1 Bb7 11. Bf4
a6 12. Ne4 Nbd7 13. Nfd2 Nd5 14. Bh2 f5 15. Ng3 g6 16. Qf3 b5 17. Nxf5 gxf5 18.
Bxf5 Nf8 19. c4 $16 {Vachier Lagrave,M-Giri,A Emsdetten GER 2012 1/2-1/2 (43)})
7... O-O 8. O-O Re8 9. Ne2 Nbd7 (9... Nc6 10. c3 d5 11. Ng3 Bd6 12. Nf5 Bf8 (
12... Bxf5 $5 13. Bxf5 Ne4 $13) 13. Bg5 h6 14. Bxf6 Qxf6 15. Ne3 Qd6 16. Qb3 (
16. h4 $1 Be6 17. Bc2 Ne7 18. h5 $40) 16... Be6 17. Rfe1 a6 18. Re2 b5 19. Rae1
Re7 20. Bb1 (20. Qc2 $14) 20... g6 21. h4 h5 22. Ng5 Na5 23. Qd1 Rae8 $11 24.
Nxe6 Rxe6 25. g3 Nc4 26. Nxc4 bxc4 27. Rxe6 Rxe6 28. Rxe6 Qxe6 29. b3 cxb3 30.
axb3 a5 {1/2-1/2 Yu Yangyi-Bu Xiangzhi/Xinghua CHN 2012}) 10. Ng3 Nf8 11. c4 $6
(11. Nf5 Bxf5 12. Bxf5 Ng6 $6 (12... d5 13. c3 c6 14. Re1 Bd6 $11 {Black has a
very solid position}) 13. Qd3 d5 14. Re1 Bd6 $2 15. Bg5 $16 {Panarin,M-Rabiega,
R playchess.com INT 2004 1/2-1/2 (32)}) (11. c3 {I think that this ancient
move is the strongest one} Ng6 12. h3 d5 13. Ne5 c5 14. Be3 (14. Kh1 $6 {
Wolf, H-Burn,A Ostend 1905 HCL 1-0 (45)}) 14... Qc7 15. f4 $14) 11... d5 $1 12.
c5 {It is difficult to offer something better than 12.c5.} (12. h3 dxc4 13.
Bxc4 Be6 $11) 12... Bg4 13. h3 Bxf3 14. Qxf3 Ne6 15. Be3 g6 $1 {The key move
that Black needed to foresee in advance when he played 11... d5!} 16. Rae1 c6
17. b4 Nd7 18. Qd1 $6 (18. Qg4 $5 {trying to prevent Bg5} Nf6 (18... Bg5 $4 19.
Bxg5 Qxg5 20. Rxe6 $18) 19. Qd1 Nd7 20. Qg4 $11 (20. Qd2 Bg5 21. Bxg5 Qxg5 $11)
(20. Qc1 Bf6 21. Ne2 Bg7 {With the further ...Qh4, ... Nf6-e4 Black has very
good counterplay})) (18. b5 $6 Bf6 19. Qg4 Bg7 20. bxc6 bxc6 21. Bc2 Rb8 $15)
18... a6 19. Ne2 Bg5 20. Kh1 (20. Bxg5 Qxg5 21. f4 Qh4 $15) (20. f4 Bh4 21. Bf2
Bxf2+ 22. Rxf2 f5 $15) 20... Bxe3 21. fxe3 f5 $15 {It is difficult to believe
that Black eventually lost the game.} 22. Ng1 Qh4 23. Nf3 Qh6 24. Re2 Ng5 25.
Qe1 Nf6 $6 (25... Ne4 26. Bxe4 (26. Kh2 Ndf6 27. Ne5 Re7 28. a4 Rae8 29. Kg1 (
29. b5 $2 Nxc5) 29... Qg5 $15) 26... Rxe4 27. Nd2 (27. Qg3 $6 f4) 27... Re7 28.
Rf3 Rae8 29. Qf2 Nf8 $15) 26. Nxg5 Qxg5 27. g4 $1 Ne4 $2 {Black didn't feel
the danger. It was time to make a draw.} (27... Qh6 $1 28. Kg2 Qg5 29. Qg3 (29.
Kh1 Qh6 $11) 29... Ne4 30. Bxe4 Rxe4 31. gxf5 Qxg3+ 32. Kxg3 Rf8 33. Rf4 Rxf4
34. exf4 Rxf5 $11) 28. Bxe4 {The situation on the board has changed
drastically. Black should fight for a draw now.} fxe4 (28... Rxe4 $5 {is
probably Black's best chance to save the game.} 29. gxf5 Rh4 (29... gxf5 $4 30.
Rg1) 30. Rf3 Rf8 31. Kh2 Qg4 32. Rg3 Qxf5 33. Rxg6+ hxg6 34. Qxh4 Kg7 {with
some compensation for the pawn}) 29. Qg3 Rf8 30. Ref2 Qe7 31. Kg2 Rxf2+ 32.
Rxf2 Kg7 (32... Rf8 $5 33. g5 Rxf2+ 34. Kxf2 Qd8 35. h4 {Black has to avoid
the queen exchange. In a position of mutual zugzwang White has at least 3
tempi a3, a4, a5. If Black plays with computer precision, probably he will
make a draw.}) (32... g5 $6 33. Rf5 h6 (33... Rf8 34. Qd6 Qxd6 35. cxd6 Rd8 36.
Rxg5+ Kf7 37. Rf5+ Kg6 38. h4 Rxd6 39. h5+ Kg7 40. g5 $16 {I think that Black
cannot hold this endgame}) 34. h4 gxh4 35. Qf4 Rf8 36. Qxh6 $1 ({now due to
the weakness of pawn e3, the pawn endgame seems to be OK for Black. For example
} 36. Rxf8+ Qxf8 37. Qxf8+ Kxf8 38. Kh3 Kg7 39. Kxh4 Kf6 40. Kh5 Kg7 41. g5
hxg5 42. Kxg5 Kh7 $1 43. Kf6 Kh6 $11) 36... Rxf5 37. Qg6+ (37. gxf5 $4 Qg7+ 38.
Qxg7+ Kxg7 $11) 37... Kh8 38. Qxf5 $18) 33. g5 a5 {Trying to create some
counterplay.} 34. bxa5 Rxa5 35. h4 Ra8 36. Qd6 $1 Qxd6 37. cxd6 Rf8 (37... Rd8
38. Rf6 Rd7 39. Kg3 Rf7 40. Re6 b5 41. h5 gxh5 42. Kh4 $18) 38. Rf4 $1 Ra8 (
38... Rxf4 39. exf4 Kf8 40. f5 $18) 39. Kg3 Rxa2 40. Rf6 Ra8 (40... Ra7 $5 41.
Kf4 (41. d7 $4 Ra8 42. Rd6 Rd8) 41... Ra8 42. h5 (42. Ke5 $4 Re8+ 43. Kf4 (43.
Re6 $4 Kf7 $19) 43... Rf8 $11) 42... gxh5 43. Kf5 h4 44. d7 $18) 41. Re6 Rd8
42. Re7+ {Black's position is hopeless.} (42. Re7+ Kf8 (42... Kg8 43. d7 Kf8
44. Rxh7 Kg8 45. Re7 Kf8 46. Re6 $18) 43. Rxh7 Rxd6 44. Rxb7 Rd8 45. Rc7 Rd6
46. Kg4 Kg8 47. h5 $18) 1-0

[Event "AUT-chT 1718"]
[Site "Austria"]
[Date "2018.04.05"]
[Round "9.4"]
[White "Sutovsky, Emil"]
[Black "Haba, Petr"]
[Result "1-0"]
[WhiteElo "2689"]
[BlackElo "2444"]
[Annotator "Sutovsky,E"]
[PlyCount "49"]
[EventDate "2017.11.16"]
[EventType "team-tourn"]
[EventRounds "11"]
[EventCountry "AUT"]
[SourceTitle "CBM 184"]
[Source "ChessBase"]
[SourceDate "2018.05.16"]
[SourceVersion "1"]
[SourceVersionDate "2018.05.16"]
[SourceQuality "1"]
[WhiteTeam "Absam"]
[BlackTeam "Grieskirchen/Schallerbach"]
[WhiteTeamCountry "AUT"]
[BlackTeamCountry "AUT"]

{Smooth wins aren't always smooth. Another illustration comes from my game
with Petr Haba.} 1. e4 e5 2. Nf3 Nf6 3. Nxe5 d6 4. Nf3 Nxe4 5. Nc3 {I have
tried all the main systems versus thePetroff. This one is the most ambitious,
and also the most fun: in the other lines you play the position with +0.3
knowing that in fact you have got nothing. And here the computer would claim 0.
00 but you sometimes manage to outsmart it in the analysis - and even to
deliver a mate in the game versus a human.} Nxc3 6. dxc3 Be7 7. Be3 O-O 8. Qd2
{Previously I tried the 8.Bd3-Qe2 setup, but this might be a bit too
straightforward.} Nd7 9. O-O-O c6 {Black has several options here - all of
them are objectively sound, but White's play is somewhat easier. Petr's choice
is one of the most logical, and he played it quickly, indicating he was ready
for the opening discussion.} 10. Bd3 d5 11. h4 {That's the only plan, but it
is quite dangerous for Black. Sometimes annotators use the word "poisonous" in
the wrong place. 11.h4 is not poisonous at all. I am not trying to hide my
intentions - I am just going forwards. So, it is not poisonous - I'd rather
call it spiky!} Nf6 12. Bg5 (12. h5 {actually not as stupid as it may look, as
after} Ne4 13. Qe1 Qa5 14. Kb1 {I'd be ready to continue the attack. But I
chose the move that restricts Black's options.}) 12... Bg4 {Played after very
long thought. It is logical, but does not solve all the problems. Another
sound option was 12...Re8, with the infamous 0.00 given by the engines. I keep
my right to disagree though.} 13. Rde1 Re8 {Here it was my turn to delve into
the position. I considered 14.h5 (it turns out to be the best according to its
Majesty the Comp), but wasn't sure if I'd have enough after 14...Ne4, other
options of course were 14.Ne5 and 14.Nd4 - in the end I preferred to get my
queen close to his king.} 14. Qf4 Qd6 (14... Bxf3 {was the move I focused on.
Here I intended} 15. gxf3 ({after} 15. Qxf3 Ne4 16. Bxe7 Qxe7 17. g4 {White
has a little bit of nothing, with nothing being a key word}) {and after} 15...
Qd6 {would choose between several options, tending to play} 16. Qg3 (16. Qf5 g6
17. Reg1 {was tempting, but after} gxf5 18. Bxf6+ Kf8 {I got no more than
perpetual - let alone that Black does not have to capture the queen.}) 16...
Qxg3 17. fxg3 {with a slightly better endgame.}) 15. Ne5 Be6 {This I regarded
as very dangerous for him, and although it is true - the position is dangerous,
Black is still objectively OK.} 16. Re3 Nd7 17. Rhe1 Nxe5 {I regarded this as
a mistake during the game, thinking he had to play 17...Bf8, where I'd
continue 18.Qg3 with nice pressure. After he took on e5 I decided it was a
time to go for the kill.} 18. Rxe5 Bf8 19. Bf6 $2 {The move that won the game,
but objectively not a good one. White has a nice pull after 19.Re3 or 19.Qg3,
but I thought the position promised much more...} h6 $2 {Petr spent most of
his time here, but failed to find one of the two defences. If you want to test
yourself - pause here and try to find at least one of them.} (19... gxf6 20.
Qxf6 Bg7 21. Rg5 Qf8 22. Qh6 f5 23. Rxe6 {was my intention while playing 19.
Bf6, but when Petr started thinking over his 19th move, I realised that Black
has a very strong riposte here:} Kh8 $1 {Now 24.Rxe8 Bxh6 (pin!) loses for
White, and I have to play} 24. Rxg7 Qxg7 25. g3 Qxh6+ 26. Rxh6 {when Black is
already slightly better, but White will hold the balance. Petr neglected this
line completely, however he did see another one that would hold for Black -
just failing to find an important move at the end of the line:}) (19... Bd7 20.
Bxg7 Kxg7 21. Rg5+ Kh8 22. Qxf7 Rxe1+ 23. Kd2 Re2+ 24. Bxe2 Bh6 25. Bd3 Bxg5+
26. hxg5 {We both saw this and thought White was winning after 26...Bf5 27.
Bxf5 Qf4+ 28.Kd3. However, the position is drawn after} Qh2 $1 27. Qxd7 Rf8 {
and in all the lines it ends with a perpetual delivered either by White or
Black.}) 20. R1e3 $1 {The only non-losing move. But at the same time it is
winning, and does it rather easily. Petr said he missed it, checking only the
various sacrifices that indeed wouldn't work after 19...h6.} g6 {What else?
White was going to play 21.Rg3 and deliver mate.} 21. h5 $1 {the cleanest -
here I calculated till the end.} Bg7 22. hxg6 fxg6 23. Qg3 $1 {Important
finesse (though computers don't think so!).} Bxf6 24. Qxg6+ Bg7 25. Rf3 {
And mate is inevitable. It looks like a nice win even if Black had a chance to
parry the attack, doesn't it? Well, not quite. The most important lesson is
that the defensive resources in chess are nearly inexhaustible, and we should
be looking for them even in the most dangerous positions. And of course, not
overlook them while sacrificing. But some things never change, you know...} 1-0

[Event "Yerevan"]
[Site "Yerevan"]
[Date "1996.??.??"]
[Round "3"]
[White "Svidler, Peter"]
[Black "Akopian, Vladimir Eduardovic"]
[Result "1-0"]
[WhiteElo "2630"]
[BlackElo "2620"]
[Annotator "Svidler,P"]
[PlyCount "87"]
[EventDate "1996.04.??"]
[EventType "tourn"]
[EventRounds "11"]
[EventCountry "ARM"]
[EventCategory "15"]
[SourceTitle "CBM 053"]
[Source "ChessBase"]
[SourceDate "1996.08.01"]
[SourceVersion "1"]
[SourceVersionDate "1996.08.01"]
[SourceQuality "1"]

1. e4 {Blatny,P Dolmatov Ftacnik} e5 2. Nf3 Nf6 3. Nxe5 d6 4. Nf3 Nxe4 5. d4 d5
6. Bd3 Bd6 7. O-O O-O 8. c4 c6 9. cxd5 cxd5 10. Nc3 Nxc3 11. bxc3 Bg4 12. Rb1
Nd7 13. h3 Bh5 14. Rb5 (14. Rxb7 Nb6 15. Bd2 h6 16. Re1 Qc8 17. Ba6 Qc6 $44 {
Nadyrhanov,S-Raetsky,A/Krasnodar/1995/}) 14... Nb6 {[#]} 15. c4 (15. a4 a6 16.
Rb1 Bxf3 17. Qxf3 $14) 15... Bxf3 (15... Nxc4 16. Rxd5 Bh2+ 17. Nxh2 Qxd5 18.
Bxc4 Qxc4 19. Qxh5 $16 {Mahia,G-Pla,S/Mar del Plata/1988/}) 16. Qxf3 dxc4 17.
Bc2 (17. Be4 Qd7 18. Rh5 g6 19. Rg5 Rab8 20. h4 $13) 17... Qd7 (17... Rb8 {
Dolmatov} 18. a4 a6 19. Bg5 Qc7 20. Bxh7+ Kxh7 21. Qh5+ Kg8 22. Bf6 $40 {
Kudrin,S-Machado,H/Thessaloniki/1988/}) 18. a4 g6 (18... Bc7 19. Rc5 Bd6 {
Adams-Anand/Oakham/1992/} 20. a5 $1 $16 {Adams-Anand (Oakham 1992)} (20. Rg5 {
Dolmatov} Be7 21. Rxg7+ Kxg7 22. Bf5 $16 {Adams,M-Anand,V/Oakham/1990/})) (
18... Rab8 {Ftacnik Blatny,P}) (18... Bc7 {Ftacnik}) 19. Bh6 (19. Bd2 c3 20.
Qxc3 Rac8 21. Qb3 Rc7 22. Bd3 Rfc8 23. Re1 Bf8 24. a5 Nc4 25. Bxc4 Rxc4 26.
Rxb7 Qxd4 $10 {Sokolov,A-Finegold (Reykjavik 1990)}) 19... Rfe8 20. Rfb1 $146 (
20. Be4 $2 Rab8 21. Rfb1 $2 Qe6 $17 {Riand-Delanoy (Genf 1992)} (21... Qe6 {
Ftacnik} 22. Rxb6 axb6 23. Rxb6 Qxe4 24. Qxe4 Rxe4 25. Rxd6 Re1+ 26. Kh2 c3 {
0-1 Riand,J-Delanoy,A/Geneve op (03)/1992/})) 20... Rad8 (20... Qe6 21. Be3 (
21. g4 $5 Qe2 22. Bd1 Qxf3 (22... Qe1+ 23. Kg2 $16) 23. Bxf3 $14) 21... Rab8
22. a5 Na8 23. Rxb7 Rxb7 24. Rxb7 Nc7 25. Rxa7 Nd5 $14 {De Firmian-Appleberry 
(New York 1994)}) (20... Bf8 21. Be3 (21. Bxf8 Rxf8 22. a5 Nc8 23. Rxb7 Qxd4
24. Rd1 Qe5 25. Rxf7 Nd6 26. Rxf8+ Rxf8 $10) 21... Rad8 22. a5 Nd5 23. Rxb7 Qe6
24. Bg5 Be7 (24... Rd7 25. Ba4 Rxb7 26. Rxb7 $16) 25. Bd2) (20... Qc6 $5 21.
Kf1 (21. d5 Qd7 $17 22. a5 $4 (22. Be3 {Ftacnik}) (22. Be3 {Blatny,P} Re7 23.
Bxb6 axb6 24. Rxb6 $15) 22... Qxb5 $19) 21... Qxf3 22. gxf3 c3 $1 {/\Nb6-c4-d2}
23. Bb3 $1 Rab8 24. a5 Nc8 25. Rc1 Ne7 26. Rxc3 Nf5 $10) 21. Bg5 (21. g4 Qc6 $1
22. d5 Qc7 23. a5 Nd7 24. Rxb7 Qxa5 $15) (21. a5 $2 Qxb5 $1 22. Rxb5 Re1#) (21.
Be3 $6 {Ftacnik} Bc7 22. a5 Nd5 23. Rxb7 Qd6 $17) 21... Be7 (21... Qe6 22. g3
Be7 23. a5 Nd5 (23... Bxg5 24. axb6 $16) 24. Be4 $1 Nc3 $1 (24... Nc7 25. Re5
Qd6 26. Rxb7 Bxg5 27. Rxg5 Rd7 28. Rc5 $14) 25. Re5 (25. Qxc3 Qxe4 26. Bxe7
Rxe7 $15) (25. Bxe7 Nxb5 26. Bxd8 Nxd4 $17) 25... Qxe5 26. dxe5 Nxb1 27. e6 $1
(27. Bxe7 Nd2 28. Qa3 Rd7 29. Bh4 Nxe4 30. Qa4 Nc5 31. Qxc4 Rxe5 $17) 27... f6
28. Bxb1 fxg5 29. Ba2 $13) (21... Rb8 {Ftacnik} 22. Be3 Re7 23. a5 Nc8 24. Be4
b6 $13 (24... b6 {Blatny,P} 25. Bc6 Qc7 $15)) 22. a5 (22. Bxe7 Rxe7 23. a5 Nc8
$1 (23... Nd5 {Blatny,P} 24. Rxb7 Qxb7 25. Rxb7 Rxb7 26. Be4 Rbd7 $15) 24. Rxb7
Qxd4 $17 (24... Qxd4 $2 25. Rxe7 Nxe7 26. Rd1 $18)) (22. Be3 Qd6 $1 23. a5 Nd5
24. Rxb7 Nxe3 25. fxe3 Qf6 $10) 22... Nd5 $2 (22... Bxg5 $1 23. axb6 Be7 $1 (
23... Re1+ 24. Rxe1 Qxb5 25. bxa7 Qa5 (25... Ra8 26. Qg3 $1 $18) (25... Qa6 $13
{Dolmatov} 26. Qg3) 26. Re5 Qa1+ 27. Kh2 h6 (27... Qc1 28. Re2 Qf4+ 29. Qxf4
Bxf4+ 30. g3 $18) 28. h4 $1 (28. Rxg5 hxg5 29. Qxb7 Kg7 30. Qb8 $16) 28... Bxh4
(28... Qxd4 29. Ra5 Qxh4+ 30. Kg1 $18) 29. Bxg6 $1 fxg6 30. Qe4 Qxa7 31. Qxg6+
$18) 24. bxa7 b6 25. Be4 $1 (25. Rxb6 Qxa7 26. Rb7 Qa3 (26... Qxd4 27. Ba4 $14)
27. Qc6 Rc8 (27... Qc3 {Blatny,P} 28. Ba4 $14)) 25... Qxa7 26. Bd5 $36 (26. Bd5
Rf8 27. Qc3 $14)) 23. Rxb7 Qe6 (23... Qc6 $2 {Ftacnik} 24. Be4 $18 (24. Be4 {
Blatny,P} f6 25. R1b5 $18)) 24. Bd2 $14 Bf6 (24... Qf6 {Ftacnik} 25. Ba4 $1
Qxf3 (25... Rf8 {Blatny,P} 26. Bh6 $16) 26. gxf3 c3 27. Bh6 $18) (24... Bd6 {
Ftacnik} 25. Rxa7 $16 (25. Rxa7 Re7 26. Rxe7 Bxe7 27. Re1 $16)) (24... c3 $2 {
Dolmatov} 25. Bxc3 Qc6 26. Be4 $16) 25. Re1 Qc6 (25... Qd6 26. Rxe8+ Rxe8 27.
Be4 $16) 26. Rxe8+ Qxe8 $2 (26... Rxe8 $142 27. Rxa7 Qe6 $1 {/\ 28... Bxd4} 28.
Rb7 (28. Qg4 $6 Qxg4 29. hxg4 c3 30. Bh6 Bg7 31. Bxg7 Kxg7) (28. Ba4 $6 Rd8 (
28... Rd8 29. Be3 $16)) (28. Ba4 $16 {Ftacnik}) 28... Bxd4 29. a6 $36) 27. Be4
Qe6 (27... Qc6 {Ftacnik} 28. Rxa7 $16 (28. Rxa7 {Blatny,P} Qe6 29. Ra8 $1 Nc7
30. Rxd8+ Bxd8 31. d5 $18)) 28. Rxa7 $16 c3 (28... Bxd4 29. Ra8 $1 $18 (29. Ra8
$3 {Dolmatov} Rxa8 30. Bxd5 $16)) (28... Ne7 29. Bb4 Rxd4 30. Bc3 Rxe4 31. Qxf6
Qxf6 32. Bxf6 Nc8 33. Ra8 $18) 29. Bh6 $1 (29. Bxd5 Qxd5 30. Qxd5 Rxd5 31. Bxc3
Bxd4 $14 (31... Bxd4 {Ftacnik} 32. Bxd4 Rxd4 $16)) 29... Ne7 (29... Bxd4 30.
Bxd5 Qe1+ 31. Kh2 Qe5+ 32. g3 Bxa7 33. Qxf7+ Kh8 34. Qxa7 c2 35. Bb3 $18 Qe3)
30. d5 Qd6 (30... Nxd5 31. Bxd5 Qe1+ (31... Rxd5 32. Ra8+ Rd8 33. Rxd8+ Bxd8
34. Qxc3 $18) 32. Kh2 Qe5+ 33. g3 Rxd5 34. Ra8+ Rd8 35. Rxd8+ (35. a6 $18 {
Ftacnik}) 35... Bxd8 36. a6 $18) (30... Qe5 31. Bf4 Qd4 32. Be3 Qe5 33. Ra6 $16
) 31. g3 $1 (31. Bf4 Be5 $13) 31... Rc8 32. Rb7 (32. Rd7 $5 Qe5 33. d6) 32...
Bd4 (32... c2 33. Bxc2 (33. Rb6 {Ftacnik} Qc5 (33... c1=Q+ 34. Bxc1 Rxc1+ 35.
Kg2 Qe5 36. Rxf6 $16) 34. Qxf6 $18 (34. Qxf6 {Blatny,P} c1=Q+ 35. Bxc1 Qxc1+
36. Kg2 $18)) 33... Rxc2 34. Rb6 $18) (32... Be5 33. Bc2 Qxd5 34. Qxd5 Nxd5 35.
a6 $18) 33. Bf4 Be5 (33... Qf6 34. d6 Nf5 35. d7 $18) (33... Qc5 {Ftacnik} 34.
d6 $18) 34. Rb6 Bxf4 (34... Qc7 {Ftacnik} 35. d6 $18 (35. d6 {Blatny,P} Qc5 36.
dxe7 Qxe7 37. Bxe5 Qxe5 $18)) 35. Rxd6 Bxd6 36. Qf6 $1 Nf5 (36... Ba3 37. d6 c2
38. Bxc2 Rxc2 39. Qxe7 $18) 37. g4 (37. a6 c2 38. Bxc2 Rxc2 39. a7 Rc8 40. Qb2
$18) 37... Be7 (37... c2 38. Bxc2 Rxc2 39. gxf5 Bc5 40. fxg6 $18) 38. Qa6 Nd6
39. Bc2 Rb8 $2 (39... Bf8 40. Qa7 Nb5 41. Qd7 Rc5 42. a6 $18) 40. Qc6 Rc8 41.
Qd7 Bf8 42. a6 Rc5 43. a7 Ra5 {[#]} 44. Qa4 $1 (44. Qa4 $1 {Ftacnik} Rxa4 45.
Bxa4) 1-0